000 00368nam a22001577a 4500
003 SGT
020 _a978-81-85731-63-6
082 _a615.190
_bP16S
100 _aSUBRAHMANYAM, C.V.S
245 _aPHARMACEUTICAL ENGINEERING -1
250 _a2ND
260 _aDELHI
_bVALLABH. PUB
_c2016
300 _a376
650 _aPHARMACEUTICAL ENGINEERING
942 _2ddc
_cBK
_045
999 _c9606
_d9606